Mario characters by emoji - Statistics

General Stats
  • This quiz has been taken 242 times
    208 since last reset
  • The average score is 18 of 24
Answer Stats
Hint Answer % Correct
πŸ”΄πŸ§’πŸ₯ΈπŸ„πŸ”₯✌️ Mario
99%
πŸ‘‘πŸ‘±πŸ»β€β™€οΈπŸ‘πŸ©·πŸ°β˜‚οΈ Peach
99%
🟒🧒πŸ₯ΈπŸ„πŸ˜¨ Luigi
97%
πŸ„πŸ₯•β›οΈπŸŽπŸ‘¦ Toad
94%
πŸ‘‘πŸ‘©πŸ»β€πŸ¦°πŸ΅οΈπŸ°β˜‚οΈ Daisy
93%
πŸ¦–πŸ₯šπŸ‘…πŸοΈπŸͺ Yoshi
92%
🦍🍌πŸ₯πŸ›’️🌴 Donkey Kong
90%
πŸ„πŸ₯•β›οΈπŸŽπŸ‘§ Toadette
90%
🐒🐲πŸ”₯πŸ‘‘πŸ° Bowser
88%
πŸ’πŸ²πŸ‘ΆπŸ–ŒοΈπŸŽ¨ Bowser Jr.
84%
πŸ’πŸŒπŸ›’οΈπŸ”«πŸ”«πŸŒ΄ Diddy Kong
84%
🟣🧒πŸ₯ΈπŸ†πŸŽΎβ›³ Waluigi
82%
🟑🧒πŸ₯ΈπŸ§„πŸ’°πŸοΈ Wario
82%
πŸŽ€πŸ¦–πŸ₯šπŸ”₯🩷 Birdo
71%
πŸ‘‘πŸ‘»πŸ‘πŸŒ•πŸŒ˜ King Boo
68%
πŸ‘‘πŸ§™β€β™€οΈβ­πŸŒŒπŸͺ Rosalina
65%
πŸ’πŸ’πŸ’πŸŸ’πŸ”΄πŸƒ Koopa Troopa
61%
πŸ’πŸ’€πŸ¦΄πŸ¦΄πŸ¦΄ Dry Bones
59%
πŸ’πŸ§™β€β™‚οΈπŸͺ„πŸ€“πŸ§Ή Kamek
56%
πŸ„β€πŸŸ«πŸ¦·πŸ¦·πŸ‘ž Goomba
53%
πŸ’πŸ€“β˜οΈπŸŽ£πŸš¦πŸ¦” Lakitu
51%
πŸ‘©πŸ»πŸ‘—πŸŽΌπŸŽ€πŸ™οΈ Pauline
50%
🐒🐒πŸͺ–πŸ”¨πŸ”¨πŸ”¨ Hammer Bro
45%
🌹πŸͺ΄πŸ‘„πŸ¦·πŸ¦·πŸ¦· Petey Piranha
39%
No matching quizzes found
Score Distribution
Percent of People with Each Score
Percentile by Number Answered
Your Score History
You have not taken this quiz since the last reset